[Event "Altenkirchen Seniors op 19th"]
[Site "Altenkirchen"]
[Date "2022.07.22"]
[Round "4"]
[White "Mayer, Rolf"]
[Black "Bertram, Marina"]
[Result "1-0"]
[WhiteElo "1553"]
[BlackElo "1369"]
[PlyCount "73"]
[EventDate "2022.07.19"]
[EventType "swiss"]
[EventRounds "9"]
[EventCountry "GER"]
[SourceTitle "CBM 209 Extra"]
[Source "ChessBase"]
[SourceDate "2022.09.30"]
[SourceVersion "1"]
[SourceVersionDate "2022.09.30"]
[SourceQuality "1"]

1. d4 d5 2. Nf3 Nc6 3. Bf4 Nf6 4. e3 e6 5. Bd3 Be7 6. a3 Ne4 7. Ne5 Nxe5 8. Bxe5 Nf6 9. c4 c5 10. 0-0 cxd4 11. Bxd4 0-0 12. Nd2 dxc4 13. Nxc4 b6 14. Ne5 Qd5 15. Rc1 Bb7 16. f3 Qd6 17. Qa4 Rfc8 18. Ba6 Bxa6 19. Qxa6 Rxc1 20. Rxc1 Nd5 21. Qb7 Qb8 22. Qd7 Qf8 23. Nc6 a5 24. e4 Qe8 25. Qxe8+ Rxe8 26. exd5 Bg5 27. Re1 Bd2 28. Re2 Bg5 29. Bxb6 a4 30. d6 Rc8 31. Bc7 h6 32. Ne7+ Bxe7 33. dxe7 Re8 34. Bd8 g6 35. Re4 Kg7 36. Rxa4 f5 37. b4 1-0

[Event "Altenkirchen Seniors op 19th"]
[Site "Altenkirchen"]
[Date "2022.07.21"]
[Round "3"]
[White "Mortensen, Soren K"]
[Black "Mayer, Rolf"]
[Result "1-0"]
[WhiteElo "1802"]
[BlackElo "1553"]
[PlyCount "39"]
[EventDate "2022.07.19"]
[EventType "swiss"]
[EventRounds "9"]
[EventCountry "GER"]
[SourceTitle "CBM 209 Extra"]
[Source "ChessBase"]
[SourceDate "2022.09.30"]
[SourceVersion "1"]
[SourceVersionDate "2022.09.30"]
[SourceQuality "1"]

1. e4 c5 2. Nf3 d6 3. d4 cxd4 4. Nxd4 Nf6 5. Nc3 a6 6. Bg5 e6 7. f4 Be7 8. Qf3 h6 9. Bh4 e5 10. Nf5 Bxf5 11. exf5 Nc6 12. 0-0-0 Qa5 13. Bc4 Rd8 14. Rhe1 0-0 15. Bxf6 Bxf6 16. Nd5 Be7 17. f6 gxf6 18. Qh5 Kh7 19. Re3 exf4 20. Rh3 1-0

[Event "Altenkirchen Seniors op 19th"]
[Site "Altenkirchen"]
[Date "2022.07.20"]
[Round "2"]
[White "Mayer, Rolf"]
[Black "Meyer, Dieter"]
[Result "0-1"]
[WhiteElo "1553"]
[BlackElo "1879"]
[PlyCount "62"]
[EventDate "2022.07.19"]
[EventType "swiss"]
[EventRounds "9"]
[EventCountry "GER"]
[SourceTitle "CBM 209 Extra"]
[Source "ChessBase"]
[SourceDate "2022.09.30"]
[SourceVersion "1"]
[SourceVersionDate "2022.09.30"]
[SourceQuality "1"]

1. d4 c6 2. Bf4 Nf6 3. e3 d5 4. Nf3 Bg4 5. Nbd2 Nbd7 6. h3 Bh5 7. Be2 h6 8. c4 e6 9. 0-0 Be7 10. Rc1 0-0 11. Ne5 Bxe2 12. Qxe2 Nxe5 13. Bxe5 Bd6 14. Nf3 Ne4 15. Rc2 Rc8 16. Rfc1 Qe7 17. cxd5 exd5 18. Qd3 Bxe5 19. Nxe5 c5 20. Qa3 b6 21. Nd3 Nd6 22. dxc5 Nc4 23. Qa6 bxc5 24. b3 Qe4 25. Nxc5 Rxc5 26. bxc4 Rfc8 27. Qxa7 dxc4 28. Qd7 Qa8 29. Qg4 Rg5 30. Rxc4 Rxc4 31. Rxc4 Rxg4 0-1

[Event "Frankfurt-chA"]
[Site "Frankfurt"]
[Date "2019.06.17"]
[Round "7"]
[White "Mayer, Rolf"]
[Black "Staggat, Rolf"]
[Result "1-0"]
[WhiteElo "1437"]
[BlackElo "1591"]
[PlyCount "45"]
[EventDate "2019.04.29"]
[EventType "swiss"]
[EventRounds "7"]
[EventCountry "GER"]
[SourceTitle "EXT 2020"]
[Source "ChessBase"]
[SourceDate "2019.10.17"]
[SourceVersion "1"]
[SourceVersionDate "2019.10.17"]
[SourceQuality "1"]

1. d4 b6 2. Bf4 Bb7 3. e3 d6 4. Nf3 g6 5. Be2 Bg7 6. 0-0 Nd7 7. c4 e6 8. Nc3 Ne7 9. Rc1 0-0 10. h3 e5 11. dxe5 dxe5 12. Bg5 h6 13. Bh4 Qe8 14. Bxe7 Qxe7 15. e4 Rfd8 16. Nd5 Bxd5 17. cxd5 Nc5 18. Qc2 Rdc8 19. b4 Nb7 20. Ba6 Rab8 21. a3 Bf8 22. Rfd1 Qd7 23. Nxe5 1-0

[Event "Frankfurt-chA"]
[Site "Frankfurt"]
[Date "2019.05.20"]
[Round "4"]
[White "Hedrich, Gerd Ernst"]
[Black "Mayer, Rolf"]
[Result "0-1"]
[WhiteElo "1317"]
[BlackElo "1437"]
[PlyCount "112"]
[EventDate "2019.04.29"]
[EventType "swiss"]
[EventRounds "7"]
[EventCountry "GER"]
[SourceTitle "EXT 2020"]
[Source "ChessBase"]
[SourceDate "2019.10.17"]
[SourceVersion "1"]
[SourceVersionDate "2019.10.17"]
[SourceQuality "1"]

1. Nf3 c5 2. e4 d6 3. Bb5+ Bd7 4. Bxd7+ Nxd7 5. Nc3 e6 6. 0-0 Ne7 7. Re1 Ng6 8. d3 Be7 9. b3 0-0 10. g3 Bf6 11. Bb2 a6 12. Qc1 b5 13. Ne2 Nde5 14. Nxe5 Bxe5 15. Bxe5 Nxe5 16. Kg2 f5 17. Nf4 Rf6 18. h4 Rh6 19. exf5 exf5 20. Nh3 Ra7 21. Qf4 Qa8+ 22. f3 Rf7 23. Ng5 Rff6 24. Kh3 Rhg6 25. Kg2 h6 26. Nh3 Rg4 27. Qe3 f4 28. Nxf4 Rfxf4 29. Rf1 Rf6 30. Kh3 Rd4 31. f4 Qc8+ 32. Kg2 Ng4 33. Qe2 Qe6 34. Rae1 Qxe2+ 35. Rxe2 Rf8 36. Rf3 c4 37. Re4 Rxe4 38. dxe4 Re8 39. bxc4 bxc4 40. h5 Rxe4 41. Kh3 Nf6 42. g4 Re2 43. Rc3 d5 44. Ra3 Rxc2 45. Rxa6 c3 46. g5 hxg5 47. fxg5 Nh7 48. g6 Nf8 49. Ra4 Rd2 50. h6 gxh6 51. Rg4 Ne6 52. Rg1 Rxa2 53. Kg4 c2 54. Kf5 Nd4+ 55. Kg4 Ra6 56. Kh5 Kg7 0-1

[Event "Frankfurt-chA"]
[Site "Frankfurt"]
[Date "2019.05.13"]
[Round "3"]
[White "Mayer, Rolf"]
[Black "Hitzer, Dieter"]
[Result "0-1"]
[WhiteElo "1437"]
[BlackElo "1682"]
[PlyCount "76"]
[EventDate "2019.04.29"]
[EventType "swiss"]
[EventRounds "7"]
[EventCountry "GER"]
[SourceTitle "EXT 2020"]
[Source "ChessBase"]
[SourceDate "2019.10.17"]
[SourceVersion "1"]
[SourceVersionDate "2019.10.17"]
[SourceQuality "1"]

1. d4 Nf6 2. Nf3 e6 3. Bf4 c5 4. e3 d5 5. c3 Nc6 6. Nbd2 Bd6 7. Bg3 0-0 8. Bd3 b6 9. Qe2 cxd4 10. cxd4 Nb4 11. Bxd6 Qxd6 12. 0-0 Nxd3 13. Qxd3 Bb7 14. Rfc1 Rfc8 15. Ne5 Ne8 16. Nb3 f6 17. Nf3 Qd7 18. Qf1 Nd6 19. Nfd2 a5 20. Rxc8+ Rxc8 21. Rc1 a4 22. Na1 Rc7 23. Rxc7 Qxc7 24. Qd1 Qc6 25. Nc2 Nc4 26. b3 Nb2 27. Qb1 Qc3 28. Qc1 Nd3 29. Qd1 Ba6 30. bxa4 Nb2 31. Qc1 Bd3 32. Nb1 Qxc2 33. Qxc2 Bxc2 34. Nc3 Bxa4 35. Kf1 b5 36. Ke1 Kf8 37. Kd2 Ke7 38. Kc1 Nd3+ 0-1

[Event "Frankfurt-chA"]
[Site "Frankfurt"]
[Date "2019.04.30"]
[Round "1"]
[White "Mayer, Rolf"]
[Black "Stuhlmann, Florian"]
[Result "0-1"]
[WhiteElo "1437"]
[BlackElo "1875"]
[PlyCount "72"]
[EventDate "2019.04.29"]
[EventType "swiss"]
[EventRounds "7"]
[EventCountry "GER"]
[SourceTitle "EXT 2020"]
[Source "ChessBase"]
[SourceDate "2019.10.17"]
[SourceVersion "1"]
[SourceVersionDate "2019.10.17"]
[SourceQuality "1"]

1. d4 Nf6 2. Nf3 e6 3. Bf4 d5 4. e3 c5 5. c3 Qb6 6. Qb3 Bd7 7. Nbd2 Be7 8. Qxb6 axb6 9. Be2 0-0 10. 0-0 Rc8 11. h3 b5 12. dxc5 Bxc5 13. Ne5 Be8 14. Rfc1 Bf8 15. Nb3 Ne4 16. f3 Nd6 17. Bd3 f6 18. Ng4 Nc4 19. Rc2 e5 20. Bg3 h5 21. Bxc4 bxc4 22. Nxf6+ gxf6 23. Nc1 Nc6 24. Rd2 d4 25. exd4 exd4 26. cxd4 Rd8 27. d5 Bc5+ 28. Kh1 Ne5 29. Ne2 Be3 30. Rdd1 Ba4 31. b3 cxb3 32. axb3 Bxb3 33. Bxe5 Bxd1 34. Rxa8 Rxa8 35. Bxf6 Bxe2 36. d6 Bb5 0-1

[Event "GER Seniors Derby 18th"]
[Site "Wesel Undeloh"]
[Date "2019.03.30"]
[Round "5"]
[White "Mayer, Rolf"]
[Black "Bode, Heinrich"]
[Result "0-1"]
[WhiteElo "1512"]
[BlackElo "1711"]
[PlyCount "84"]
[EventDate "2019.03.28"]
[EventType "swiss"]
[EventRounds "7"]
[EventCountry "GER"]
[SourceTitle "EXT 2020"]
[Source "ChessBase"]
[SourceDate "2019.10.17"]
[SourceVersion "1"]
[SourceVersionDate "2019.10.17"]
[SourceQuality "1"]

1. d4 d5 2. Nf3 c5 3. c3 Nc6 4. Bf4 Nf6 5. e3 Qb6 6. Qc2 Bd7 7. Nbd2 e6 8. Be2 Rc8 9. Qb1 cxd4 10. exd4 g6 11. Ne5 Bg7 12. Ndf3 0-0 13. g4 Nxe5 14. Nxe5 Bb5 15. Qc2 Nd7 16. Nxd7 Bxd7 17. h4 Bxd4 18. Bd3 Bb5 19. 0-0 Bxd3 20. Qxd3 Bg7 21. Qe2 Rc4 22. Be3 Qd8 23. Bg5 Qd7 24. Rad1 Qa4 25. b3 Rxg4+ 26. Kh2 Qe4 27. Qxe4 Rxe4 28. Rfe1 Rxe1 29. Rxe1 Bxc3 30. Rc1 Be5+ 31. Kh3 f6 32. Bh6 Rd8 33. Rg1 Rc8 34. f4 Bd4 35. Rg2 Rc3+ 36. Kg4 Kf7 37. h5 f5+ 38. Kh4 Bf6+ 39. Bg5 Rf3 40. hxg6+ hxg6 41. Bxf6 Rxf4+ 42. Kg3 Rg4+ 0-1

[Event "Frankfurt-chB"]
[Site "Frankfurt"]
[Date "2018.06.11"]
[Round "6"]
[White "Pessotschinski, Eduard"]
[Black "Mayer, Rolf"]
[Result "1-0"]
[WhiteElo "1312"]
[BlackElo "1361"]
[PlyCount "120"]
[EventDate "2018.04.30"]
[EventType "swiss"]
[EventRounds "7"]
[EventCountry "GER"]
[SourceTitle "EXT 2019"]
[Source "ChessBase"]
[SourceDate "2018.10.10"]
[SourceVersion "1"]
[SourceVersionDate "2018.10.10"]
[SourceQuality "1"]

1. e4 d6 2. d4 Nf6 3. Nc3 g6 4. Nf3 Bg7 5. e5 dxe5 6. dxe5 Qxd1+ 7. Nxd1 Ng4 8. Bf4 c6 9. h3 Nh6 10. Ne3 Nf5 11. 0-0-0 Nxe3 12. Bxe3 0-0 13. g4 Nd7 14. Bd4 Nb6 15. Bd3 Be6 16. Kb1 Bd5 17. Be2 Nc4 18. Rhg1 Bxf3 19. Bxf3 Bxe5 20. Be2 Bxd4 21. Rxd4 Nd6 22. Re1 Rfe8 23. Bf3 Kf8 24. c4 Rab8 25. c5 Nc8 26. Rd7 e6 27. Re4 Ne7 28. Rb4 b6 29. Rxa7 bxc5 30. Rc4 Red8 31. Kc2 Rd6 32. Rxc5 Rbd8 33. Kb3 Rd3+ 34. Rc3 Rd2 35. Bxc6 Rb8+ 36. Rb7 Rxb7+ 37. Bxb7 Rxf2 38. a4 e5 39. a5 Rf6 40. a6 Rb6+ 41. Ka3 Rb5 42. Rc4 Nd5 43. a7 Nb6 44. a8Q+ Nxa8 45. Bxa8 f5 46. gxf5 gxf5 47. Bc6 Ra5+ 48. Ra4 Rxa4+ 49. Kxa4 e4 50. Kb4 e3 51. Kc3 f4 52. Bf3 Kf7 53. Kd3 Kf6 54. Ke4 Kg5 55. b4 Kh4 56. b5 Kxh3 57. b6 Kg3 58. b7 e2 59. Bxe2 f3 60. b8Q+ Kf2 1-0

[Event "Rhein Main op-B 21st"]
[Site "Bad Homburg"]
[Date "2018.05.31"]
[Round "2"]
[White "Toedter, Pascal"]
[Black "Mayer, Rolf"]
[Result "1/2-1/2"]
[WhiteElo "1055"]
[BlackElo "1536"]
[PlyCount "74"]
[EventDate "2018.05.30"]
[EventType "swiss"]
[EventRounds "7"]
[EventCountry "GER"]
[SourceTitle "EXT 2019"]
[Source "ChessBase"]
[SourceDate "2018.10.10"]
[SourceVersion "1"]
[SourceVersionDate "2018.10.10"]
[SourceQuality "1"]

1. d4 Nf6 2. c4 g6 3. Nc3 Bg7 4. e3 d6 5. Nf3 0-0 6. Bd3 Bg4 7. h3 Bxf3 8. Qxf3 c6 9. 0-0 Na6 10. a3 Nc7 11. e4 Nd7 12. d5 Ne5 13. Qe2 e6 14. dxc6 bxc6 15. Be3 c5 16. b4 Nxc4 17. Bxc4 Bxc3 18. Rab1 cxb4 19. axb4 Qf6 20. Qd3 d5 21. exd5 exd5 22. Bb3 d4 23. Rbc1 Rab8 24. Bd2 Nb5 25. Rfd1 Rfc8 26. Bc4 a6 27. Bxb5 Rxb5 28. Bxc3 dxc3 29. Qd4 Qxd4 30. Rxd4 a5 31. bxa5 Rxa5 32. Rd3 c2 33. Kf1 Rb5 34. Ke2 Rb2 35. Rd2 Kg7 36. Kd3 Rb3+ 37. Ke2 Rb2 1/2-1/2

[Event "Frankfurt-chB"]
[Site "Frankfurt"]
[Date "2017.05.22"]
[Round "5"]
[White "Gade, Bernt"]
[Black "Mayer, Rolf"]
[Result "1-0"]
[WhiteElo "1447"]
[BlackElo "1340"]
[PlyCount "45"]
[EventDate "2017.04.24"]
[EventType "swiss"]
[EventRounds "7"]
[EventCountry "GER"]
[SourceTitle "EXT 2018"]
[Source "ChessBase"]
[SourceDate "2017.10.13"]
[SourceVersion "1"]
[SourceVersionDate "2017.10.13"]
[SourceQuality "1"]

1. e4 d6 2. d4 Nf6 3. Nc3 g6 4. f4 Bg7 5. Nf3 0-0 6. Bd3 Nc6 7. 0-0 e5 8. fxe5 dxe5 9. d5 Nb4 10. Nxe5 Nxe4 11. Bxe4 Bxe5 12. Bf4 Bxf4 13. Rxf4 Qg5 14. Rf2 Bg4 15. Qd4 Na6 16. b4 b6 17. Qc4 Bc8 18. d6 Qe5 19. Bxa8 Be6 20. Bd5 Bxd5 21. Qxd5 Qxc3 22. Raf1 cxd6 23. Rxf7 1-0

[Event "Frankfurt-chB"]
[Site "Frankfurt"]
[Date "2017.04.24"]
[Round "1"]
[White "Fredershausen, Kurt"]
[Black "Mayer, Rolf"]
[Result "0-1"]
[WhiteElo "998"]
[BlackElo "1340"]
[PlyCount "90"]
[EventDate "2017.04.24"]
[EventType "swiss"]
[EventRounds "7"]
[EventCountry "GER"]
[SourceTitle "EXT 2018"]
[Source "ChessBase"]
[SourceDate "2017.10.13"]
[SourceVersion "1"]
[SourceVersionDate "2017.10.13"]
[SourceQuality "1"]

1. e4 d6 2. Nf3 Nf6 3. Nc3 g6 4. b3 Bg7 5. Bb2 0-0 6. Rb1 c5 7. Be2 Nc6 8. Nd5 e6 9. Nxf6+ Bxf6 10. Bxf6 Qxf6 11. 0-0 d5 12. exd5 exd5 13. Re1 Bf5 14. a3 a6 15. Qc1 Rfe8 16. Bd3 Bxd3 17. Rxe8+ Rxe8 18. cxd3 b6 19. Qf1 Ne5 20. Kh1 Nxf3 21. gxf3 Qxf3+ 22. Kg1 Re2 23. Rd1 Qxd3 24. Re1 Rxd2 25. Re8+ Kg7 26. Qxd3 Rxd3 27. Re3 Rxe3 28. fxe3 Kf6 29. Kf2 Ke5 30. Kf3 f5 31. h3 g5 32. a4 h6 33. Kf2 c4 34. b4 c3 35. Ke2 Ke4 36. b5 axb5 37. axb5 h5 38. Kd1 Kxe3 39. Kc2 d4 40. Kd1 d3 41. Kc1 f4 42. Kd1 f3 43. h4 gxh4 44. Ke1 c2 45. Kf1 c1Q# 0-1

[Event "Heusenstamm Sparkassen op-B 3rd"]
[Site "Heusenstamm"]
[Date "2016.11.27"]
[Round "6"]
[White "Ebeling, Gereon"]
[Black "Mayer, Rolf"]
[Result "0-1"]
[WhiteElo "1356"]
[BlackElo "1504"]
[PlyCount "46"]
[EventDate "2016.11.27"]
[EventType "swiss"]
[EventRounds "7"]
[EventCountry "GER"]
[SourceTitle "EXT 2018"]
[Source "ChessBase"]
[SourceDate "2017.10.13"]
[SourceVersion "1"]
[SourceVersionDate "2017.10.13"]
[SourceQuality "1"]

1. e4 d6 2. d4 Nf6 3. Nc3 g6 4. f3 Bg7 5. Bg5 0-0 6. Bd3 c5 7. d5 a6 8. a3 Re8 9. Qd2 Nbd7 10. Bh6 Ne5 11. Bxg7 Kxg7 12. Qe2 b5 13. Qd2 e6 14. dxe6 Bxe6 15. Nd1 d5 16. Nf2 dxe4 17. Bxe4 Qxd2+ 18. Kxd2 Rad8+ 19. Ke1 Nc4 20. b3 Ne3 21. Ke2 Nxg2 22. a4 b4 23. Bb7 Bc8+ 0-1

[Event "Wiesbaden op 28th"]
[Site "Wiesbaden"]
[Date "2016.08.28"]
[Round "7"]
[White "Hegener, Daniel"]
[Black "Mayer, Rolf"]
[Result "1/2-1/2"]
[WhiteElo "1626"]
[BlackElo "1510"]
[PlyCount "41"]
[EventDate "2016.08.25"]
[EventType "swiss"]
[EventRounds "7"]
[EventCountry "GER"]
[SourceTitle "CBM 174 Extra"]
[Source "ChessBase"]
[SourceDate "2016.10.10"]
[SourceVersion "1"]
[SourceVersionDate "2016.10.10"]
[SourceQuality "1"]

1. Nf3 d5 2. c4 Nf6 3. cxd5 Nxd5 4. g3 g6 5. Bg2 Bg7 6. 0-0 Nc6 7. d3 Nb6 8. Qc2 Nd4 9. Nxd4 Bxd4 10. Bh6 c6 11. Nd2 Be6 12. Nf3 Bf6 13. Rac1 Qd7 14. Rfe1 Bh3 15. Kh1 Rg8 16. b3 0-0-0 17. Bf4 g5 18. Be3 Qc7 19. Qc5 h6 20. a4 Rd5 21. Qb4 1/2-1/2

[Event "Wiesbaden op 28th"]
[Site "Wiesbaden"]
[Date "2016.08.26"]
[Round "3"]
[White "Gilg, Alfred"]
[Black "Mayer, Rolf"]
[Result "1-0"]
[WhiteElo "1695"]
[BlackElo "1510"]
[PlyCount "57"]
[EventDate "2016.08.25"]
[EventType "swiss"]
[EventRounds "7"]
[EventCountry "GER"]
[SourceTitle "CBM 174 Extra"]
[Source "ChessBase"]
[SourceDate "2016.10.10"]
[SourceVersion "1"]
[SourceVersionDate "2016.10.10"]
[SourceQuality "1"]

1. Nf3 d5 2. c4 dxc4 3. Na3 Nf6 4. Nxc4 h6 5. g3 Bf5 6. Bg2 c6 7. 0-0 Nbd7 8. d3 Nb6 9. b3 Nxc4 10. bxc4 e6 11. Bb2 Be7 12. Qb3 Qb6 13. Nd4 Qxb3 14. axb3 Bh7 15. Nxc6 Kd7 16. Nxa7 Bc5 17. Nb5 Rxa1 18. Rxa1 Ng4 19. d4 Bb6 20. c5 Bc7 21. Ra7 Rb8 22. Bxb7 Be4 23. Ba6 Rxb5 24. Bxb5+ Bc6 25. Bd3 Nf6 26. b4 Be4 27. Bxe4 Nxe4 28. d5 exd5 29. Be5 1-0

[Event "Lueneburg VMCG op B"]
[Site "Lueneburg"]
[Date "2016.07.08"]
[Round "7"]
[White "Hildebrand, Georg"]
[Black "Mayer, Rolf"]
[Result "1/2-1/2"]
[WhiteElo "1527"]
[BlackElo "1554"]
[PlyCount "35"]
[EventDate "2016.07.01"]
[EventType "swiss"]
[EventRounds "7"]
[EventCountry "GER"]
[SourceTitle "EXT 2024"]
[Source "ChessBase"]
[SourceDate "2023.10.10"]
[SourceVersion "1"]
[SourceVersionDate "2023.10.10"]
[SourceQuality "1"]

1. c4 e5 2. Nc3 Nf6 3. Nf3 d6 4. h3 g6 5. d3 Bg7 6. e4 c5 7. Be2 Nc6 8. b3 a6 9. 0-0 0-0 10. Bg5 Qc7 11. Bxf6 Bxf6 12. Nd5 Qd8 13. Nxf6+ Qxf6 14. a3 Rd8 15. Qd2 Qg7 16. Kh2 Kh8 17. g4 Nd4 18. Nxd4 1/2-1/2